|
|
|
|
| LEADER |
00000nam0a2200000 4500 |
| 001 |
255957 |
| 005 |
20231101233055.0 |
| 010 |
|
|
|a 9785913042897
|
| 035 |
|
|
|a (RuTPU)RU\TPU\book\278586
|
| 090 |
|
|
|a 255957
|
| 100 |
|
|
|a 20140403d2013 m y0rusy50 ca
|
| 101 |
0 |
|
|a fre
|a rus
|
| 102 |
|
|
|a RU
|
| 105 |
|
|
|a y j 001zy
|
| 200 |
1 |
|
|a Практический курс французского языка
|e учебно-практическое пособие
|f Н. Н. Котерева
|
| 210 |
|
|
|a Москва
|c IDO PRESS
|c Университетская книга
|d 2013
|
| 215 |
|
|
|a 303 с.
|
| 320 |
|
|
|a Библиогр.: с. 302-303.
|
| 330 |
|
|
|a Книга состоит из учебного пособия, практикума, тестов и списка литературы. Основные цели издания: развитие и закрепление различных языковых компетенций, в том числе коммуникативных, а также навыков перевода с французского языка. В теоретической части использованы самые современные методические разработки французских учебных заведений. В каждом уроке практикума освещается определенная тема: материал подобран так, что одновременно помогает закрепить полученные лексико-грамматические знания и знакомит учащихся с различными фактами из жизни и истории Франции. Это увеличивает вовлеченность в коммуникативную среду и является основой для легкого международного общения. Пособие предназначено, прежде всего, для студентов старших курсов (магистратура) кафедр лингвистики и межкультурной коммуникации, изучающих французский как второй язык. Полнота и изложение материала позволяют рекомендовать его для студентов первых курсов (бакалавриат) неязыковых вузов, а также для всех желающих изучить французский язык.
|
| 606 |
1 |
|
|a Французский язык
|x Учебные руководства и пособия для вузов
|2 stltpush
|3 (RuTPU)RU\TPU\subj\16836
|9 42736
|
| 610 |
1 |
|
|a лексика
|
| 610 |
1 |
|
|a грамматика
|
| 610 |
1 |
|
|a грамматический практикум
|
| 610 |
1 |
|
|a деловое общение
|
| 610 |
1 |
|
|a разговорная речь
|
| 610 |
1 |
|
|a упражнения
|
| 610 |
1 |
|
|a тесты
|
| 686 |
|
|
|a Ш147.11-923
|v LBC/SL-A
|2 rubbk
|
| 700 |
|
1 |
|a Котерева
|b Н. Н.
|
| 801 |
|
1 |
|a RU
|b 63413507
|c 20140403
|
| 801 |
|
2 |
|a RU
|b 63413507
|c 20140620
|g RCR
|
| 900 |
|
|
|a Французский язык
|
| 942 |
|
|
|c BK
|
| 959 |
|
|
|a 60/20140403
|d 1
|e 278,30
|f ЧЗИЛ:1
|